000 00595nam a2200241Ia 4500
003 OSt
005 20221007101944.0
006 a|||||r|||| 00| 0
007 ta
008 221006b |||||||| |||| 00| 0 eng d
024 _a8,952
037 _cTextual
040 _aLCO
_cLCO
_beng
041 _2eng
_aeng
082 _aZ2,98,1, L1
100 _aANAJWALA C C
245 0 _aConveyancing .
260 _aBombay
_bJamnadas & Co.
_c1971
300 _a487
650 _aCONVEYANCING
_9684594
942 _hZ2,98,1, L1
_cTEXL
999 _c1178515
_d1178515